000
00287nam a2200109Ia 4500
005
20251222143118.0
008
251222s9999||||xx |||||||||||||| ||spa||
082
_a
860/M86
100
_a
"Fernández de Moratin, Leandro"
245
0
_a
El si de las niñas y la comedia nueva.
942
_c
LIB
999
_c
11444
_d
11444